Dive right in the sharks won't bite : the entrepreneurial woman's guide to success.
| Main Author: | |
|---|---|
| Format: | Book |
| Published: |
Illinois:
Dearborn Financial,
1995.
|
| Subjects: |
| LEADER | 00545cam a2200169 7i4500 | ||
|---|---|---|---|
| 001 | 0000003608 | ||
| 005 | 19991025090000.0 | ||
| 002 | ##000004984 | ||
| 020 | 0 | 0 | |a 0-7931-1101-3 |
| 090 | 0 | 0 | |a B 658.421 |b WES |
| 100 | 0 | 0 | |a Wesman, Jane |
| 245 | 0 | 0 | |a Dive right in the sharks won't bite : |b the entrepreneurial woman's guide to success. |
| 260 | 0 | 0 | |a Illinois: |b Dearborn Financial, |c 1995. |
| 300 | 0 | 0 | |a 194p. |
| 650 | 0 | 0 | |a Women in business -- |z United States |
| 651 | 0 | 0 | |a United States of America |
| 999 | |a 0000005930 |b Book |c Open shelf |e Business Information Centre | ||


